| 000 | 00635cam a22002054a 4500 | ||
|---|---|---|---|
| 005 | 20250605164152.0 | ||
| 008 | 250528s ||||||||||||||||||||||||d | ||
| 035 | _a19432 | ||
| 020 | _a960405788 | ||
| 040 |
_aGR-AtMCL _bgre _dGR-AtMCL _eAACR2 |
||
| 245 | 1 | _aΕισαγωγή στις Επικοινωνίες και τα Δίκτυα Ηλεκτρονικών Υπολογιστών | |
| 250 | _a1 | ||
| 260 |
_bΊων, _c1998 |
||
| 300 | _a334 | ||
| 700 | 1 |
_aΓιαννακοπουλος Διονυσης _95680 |
|
| 700 | 1 |
_aΜπακατσιας Βαγγελης _95681 |
|
| 942 | _cBK | ||
| 999 |
_c4688 _d4688 |
||